| 000 | 00773nam a2200205 a 4500 | ||
|---|---|---|---|
| 003 | 0 | ||
| 005 | 20250208095036.0 | ||
| 008 | 120719s19uu xx 00 eng d | ||
| 050 |
_aPGS GV 1469.3 _b.K76 2012 |
||
| 100 | _aKobayashi, Ryuto. | ||
| 245 |
_aTypes of computer games and reading skills / _cRyuto Kobayashi. |
||
| 260 |
_aLas PiƱas City, Philippines : _bSouthville International School and Colleges, _c2012. |
||
| 300 |
_a19 pages : _billustrations ; _c28 cm. |
||
| 504 | _aIncludes bibliographical references. | ||
| 650 |
_aVideo games _vPsychological aspects. |
||
| 650 |
_aReading comprehension _vInfluence of digital media. |
||
| 650 | _aVideo games and literacy development. | ||
| 650 |
_aInteractive media _vImpact on reading ability. |
||
| 942 |
_cPASS _2lcc |
||
| 999 |
_c98724 _d98724 |
||